[Event "PRO League Group Stage"]
[Site "chess.com INT"]
[Date "2020.01.30"]
[Round "4"]
[White "Valsecchi, Alessio"]
[Black "Christiansen, Johan-Sebastian"]
[Result "1/2-1/2"]
[WhiteTitle "GM"]
[BlackTitle "GM"]
[WhiteElo "2512"]
[BlackElo "2600"]
[WhiteTeam "Italy Gladiators"]
[BlackTeam "Norway Gnomes"]
[WhiteFideId "818860"]
[BlackFideId "1512668"]
[EventDate "2020.01.06"]

1. c4 e5 2. Nc3 Nf6 3. g3 Bc5 4. Bg2 c6 5. e3 d5 6. cxd5 cxd5 7. d4 exd4 8. exd4
Bb6 9. Bg5 Nc6 10. Nge2 Be6 11. O-O O-O 12. Nf4 h6 13. Bxf6 Qxf6 14. Ncxd5 Bxd5
15. Nxd5 Qxd4 16. Qxd4 Bxd4 1/2-1/2

[Event "PRO League Group Stage"]
[Site "chess.com INT"]
[Date "2020.01.30"]
[Round "4"]
[White "Niemann, Hans Moke"]
[Black "Moiseenko, Alexander"]
[Result "0-1"]
[WhiteTitle "IM"]
[BlackTitle "GM"]
[WhiteElo "2465"]
[BlackElo "2620"]
[WhiteTeam "Norway Gnomes"]
[BlackTeam "Italy Gladiators"]
[WhiteFideId "2093596"]
[BlackFideId "14102560"]
[EventDate "2020.01.06"]

1. Nf3 Nf6 2. c4 e6 3. b3 d5 4. Bb2 Bd6 5. g4 h6 6. Rg1 c5 7. e3 Nc6 8. h4 d4 9.
g5 hxg5 10. hxg5 Nh5 11. Rh1 g6 12. exd4 cxd4 13. Nxd4 Nxd4 14. Bxd4 e5 15. Be3
Bf5 16. Nc3 Be7 17. Bg2 Bxg5 18. Bxb7 Rb8 19. Bf3 Bxe3 20. dxe3 Qa5 21. Qd2 Rxb3
22. Rc1 Rb6 23. Ke2 Qa3 24. Nb5 Qe7 25. Rcd1 O-O 26. Nd6 Rfb8 27. Nxf5 Qf6 28.
Nh6+ Kg7 29. Ng4 Qe6 30. Qc3 Rb2+ 31. Rd2 Rxd2+ 32. Kxd2 f6 33. Rg1 Qf5 34. Be2
g5 35. Qc2 e4 36. Rd1 Qa5+ 37. Kc1 Qa3+ 38. Kd2 Rb2 39. Rc1 Qd6+ 40. Ke1 Rxc2
41. Rxc2 f5 42. c5 Qc7 43. Ne5 Qxe5 44. Bxh5 g4 45. c6 Qc7 46. Be8 Kf6 47. Bd7
g3 48. Rc5 g2 49. Rxf5+ Kg6 50. Rf4 g1=Q+ 51. Ke2 Qa5 52. Be8+ Kg5 0-1

[Event "PRO League Group Stage"]
[Site "chess.com INT"]
[Date "2020.01.30"]
[Round "4"]
[White "Gajewski, Grzegorz"]
[Black "Diaz Camallonga, Carles"]
[Result "1-0"]
[WhiteTitle "GM"]
[BlackTitle "IM"]
[WhiteElo "2614"]
[BlackElo "2474"]
[WhiteTeam "Poland Hussars"]
[BlackTeam "Spain Raptors"]
[WhiteFideId "1116207"]
[BlackFideId "22235256"]
[EventDate "2020.01.06"]

1. Nf3 Nf6 2. c4 e6 3. g3 d5 4. Bg2 Be7 5. O-O O-O 6. b3 b6 7. Bb2 Bb7 8. e3 c5
9. Qe2 Nc6 10. d3 Rc8 11. Nbd2 Qc7 12. Rad1 Rfd8 13. Ng5 h6 14. Nh3 dxc4 15.
bxc4 a6 16. f4 Nb4 17. Nf3 b5 18. a3 Nc6 19. Ne5 Nxe5 20. fxe5 Nd7 21. Qh5 Rf8
22. Bxb7 Qxb7 23. Rd2 bxc4 24. dxc4 Nb6 25. Qg4 Kh7 26. Rdf2 Bd8 27. Nf4 Bg5 28.
Nh5 g6 29. Nf6+ Kh8 30. Bc1 Nd7 31. Nxd7 Qxd7 32. h4 Bd8 33. e4 h5 34. Qf4 Kg8
35. Qh6 Bc7 36. Bb2 Rb8 37. Rd2 Qc6 38. Qf4 Qa4 39. Ba1 Qxc4 40. Rd7 Ba5 41.
Rxf7 Rxf7 42. Qxf7+ Kh8 43. Qf6+ Kh7 44. Qe7+ Kh6 45. Bb2 Qxe4 46. Bc1+ 1-0

[Event "PRO League Group Stage"]
[Site "chess.com INT"]
[Date "2020.01.30"]
[Round "4"]
[White "Martinez Reyes, Pedro Ramon"]
[Black "Bartel, Mateusz"]
[Result "1/2-1/2"]
[WhiteTitle "FM"]
[BlackTitle "GM"]
[WhiteElo "2407"]
[BlackElo "2639"]
[WhiteTeam "Spain Raptors"]
[BlackTeam "Poland Hussars"]
[WhiteFideId "3901807"]
[BlackFideId "1112635"]
[EventDate "2020.01.06"]

1. e4 c5 2. Nf3 Nc6 3. Nc3 d6 4. d4 cxd4 5. Nxd4 Nf6 6. Be2 g6 7. O-O Bg7 8. Nb3
O-O 9. Re1 Be6 10. Bf1 Rc8 11. Bg5 h6 12. Bh4 Ne5 13. Nd5 g5 14. Bg3 Nxd5 15.
exd5 Bf5 16. Nd4 Bg6 17. c3 Qb6 18. Qd2 Rc5 19. Nb3 Rc7 20. h4 g4 21. Rad1 h5
22. Bf4 Rcc8 23. Nd4 a6 24. b3 Qa5 25. c4 Qxd2 26. Rxd2 Bf6 27. Bg5 Bxg5 28.
hxg5 f5 29. f4 gxf3 30. Nxf3 Nxf3+ 31. gxf3 1/2-1/2

[Event "PRO League Group Stage"]
[Site "chess.com INT"]
[Date "2020.01.30"]
[Round "4"]
[White "Herrera Reyes, Jose Antonio"]
[Black "Wojtaszek, Radoslaw"]
[Result "0-1"]
[WhiteTitle "FM"]
[BlackTitle "GM"]
[WhiteElo "2304"]
[BlackElo "2725"]
[WhiteTeam "Spain Raptors"]
[BlackTeam "Poland Hussars"]
[WhiteFideId "2274914"]
[BlackFideId "1118358"]
[EventDate "2020.01.06"]

1. Nf3 c5 2. g3 Nc6 3. Bg2 e5 4. O-O d5 5. c4 Nf6 6. cxd5 Nxd5 7. Nc3 Be6 8. d3
Be7 9. Bd2 O-O 10. Rc1 Qd7 11. Ne4 b6 12. Neg5 Bg4 13. h3 Bh5 14. Qa4 Rad8 15.
a3 h6 16. Ne4 Bxf3 17. exf3 Nd4 18. Qd1 f5 19. Nc3 f4 20. Re1 Qf5 21. Nxd5 Rxd5
22. Bxf4 exf4 23. Rxe7 Re5 24. Rxe5 Qxe5 25. Kh2 Re8 26. g4 Qe2 27. Qxe2 Rxe2
28. b4 Rc2 29. Re1 Rxf2 30. Re8+ Kf7 31. Ra8 cxb4 32. Rxa7+ Kf6 33. axb4 Nxf3+
34. Kh1 Ne1 35. Be4 Nf3 36. Bxf3 Rxf3 37. Rb7 Rxh3+ 38. Kg2 Rxd3 39. Rxb6+ Kg5
40. b5 Rb3 41. Rb7 g6 42. Rb6 Rg3+ 43. Kf2 Rxg4 44. Rb8 Rg3 45. b6 Rb3 46. b7 h5
47. Kg2 h4 48. Kh2 h3 49. Kg1 Rb2 50. Kh1 h2 51. Rg8 Rxb7 52. Kxh2 Rb3 53. Kg2
Kf5 54. Kf2 g5 55. Kg2 Kg4 56. Kf2 Rb2+ 57. Kg1 Kh4 58. Kh1 g4 59. Rf8 Kg3 0-1

[Event "PRO League Group Stage"]
[Site "chess.com INT"]
[Date "2020.01.30"]
[Round "4"]
[White "Edouard, Romain"]
[Black "Vrolijk, Liam"]
[Result "1-0"]
[WhiteTitle "GM"]
[BlackTitle "IM"]
[WhiteElo "2640"]
[BlackElo "2478"]
[WhiteTeam "France Roosters"]
[BlackTeam "Netherlands Mosquitoes"]
[WhiteFideId "633429"]
[BlackFideId "1048333"]
[EventDate "2020.01.06"]

1. Nf3 d5 2. c4 e6 3. d4 Nf6 4. Nc3 Be7 5. Bf4 O-O 6. e3 Nbd7 7. c5 Nh5 8. Be5
f6 9. Bg3 c6 10. Bd3 g6 11. b4 e5 12. Bc2 e4 13. Nd2 f5 14. b5 Qa5 15. Ndb1 f4
16. exf4 Nxf4 17. O-O Ne6 18. Bb3 Bf6 19. bxc6 bxc6 20. Nxd5 cxd5 21. Bxd5 Nxc5
22. dxc5 Bxa1 23. Bxa8 Bd4 24. Bxe4 Qxa2 25. c6 Ba6 26. Bd3 Bxd3 27. Qxd3 Qd5
28. Qc2 Rc8 29. Rc1 Bb6 30. Nd2 Nd4 31. Qd3 Rxc6 32. Rxc6 Qxc6 33. Nc4 Qe6 34.
h4 Qe2 35. Qc3 Qe4 36. Kh2 Ne2 37. Qb3 Qd5 38. Qa4 Nxg3 39. fxg3 Qe6 40. Qb5 Kg7
41. Ne5 Qd6 42. Nd3 Bc7 43. Nf4 Bb6 44. Qe8 Qf6 45. Ne6+ Kh6 46. Qd7 Be3 47. Kh3
Qc3 48. Nd8 Qf6 49. Nf7+ Kg7 50. Ng5+ Kg8 51. Qe8+ Kg7 52. Qxe3 Qf5+ 53. g4 Qf6
54. Qxa7+ Kg8 55. Qxh7+ Kf8 56. Qf7+ Qxf7 57. Nxf7 Kxf7 58. Kg3 1-0

[Event "PRO League Group Stage"]
[Site "chess.com INT"]
[Date "2020.01.30"]
[Round "4"]
[White "Bauer, Christian"]
[Black "Van der Lende, Ilias"]
[Result "1-0"]
[WhiteTitle "GM"]
[BlackTitle "IM"]
[WhiteElo "2625"]
[BlackElo "2393"]
[WhiteTeam "France Roosters"]
[BlackTeam "Netherlands Mosquitoes"]
[WhiteFideId "603767"]
[BlackFideId "1019260"]
[EventDate "2020.01.06"]

1. f4 e6 2. Nf3 d5 3. g3 c5 4. Bg2 Nc6 5. d3 g6 6. O-O Bg7 7. e4 Nge7 8. Na3 O-O
9. c3 b6 10. e5 a6 11. d4 cxd4 12. cxd4 b5 13. Be3 b4 14. Nc2 a5 15. Bf2 Ba6 16.
Re1 a4 17. g4 Qa5 18. b3 Bc8 19. Bh4 Re8 20. Bf6 Bd7 21. Qd2 Bh6 22. Ng5 Qb6 23.
Kh1 Ra7 24. Qf2 Rea8 25. Qh4 Bxg5 26. fxg5 Qd8 27. Re3 h5 28. gxh6 Kh7 29. Rf1
Be8 30. Rd3 axb3 31. axb3 Ra2 32. Ne1 Rxg2 33. Kxg2 Ra2+ 34. Rf2 Rxf2+ 35. Qxf2
g5 36. Nf3 1-0

[Event "PRO League Group Stage"]
[Site "chess.com INT"]
[Date "2020.01.30"]
[Round "4"]
[White "Van Foreest, Jorden"]
[Black "Gozzoli, Yannick"]
[Result "1/2-1/2"]
[WhiteTitle "GM"]
[BlackTitle "GM"]
[WhiteElo "2644"]
[BlackElo "2604"]
[WhiteTeam "Netherlands Mosquitoes"]
[BlackTeam "France Roosters"]
[WhiteFideId "1039784"]
[BlackFideId "616915"]
[EventDate "2020.01.06"]

1. e4 e5 2. Nf3 Nc6 3. Bb5 a6 4. Ba4 Nf6 5. O-O Be7 6. d3 d6 7. c3 O-O 8. Re1
Re8 9. Nbd2 Bf8 10. h3 h6 11. d4 b5 12. Bc2 Bb7 13. a3 Nb8 14. b4 Nbd7 15. Bb2
a5 16. Bd3 c6 17. Nb3 axb4 18. cxb4 Rc8 19. Rc1 exd4 20. Nfxd4 c5 21. Nxb5 Qb6
22. bxc5 dxc5 23. e5 Nd5 24. Bc4 Rcd8 25. Qg4 Re6 26. Bd3 Ne7 27. Re3 Ng6 28.
Qf5 Bxg2 29. h4 h5 30. Bc4 Nxh4 31. Qf4 Ng6 32. Qh2 Bc6 33. Qxh5 Bxb5 34. Rh3 f5
35. Bd5 Nb8 36. Qxg6 Rxd5 37. Qh7+ Kf7 38. Qxf5+ Ke8 39. Rh8 Nd7 40. Nd4 Rg6+
41. Kh2 Rh6+ 42. Rxh6 Qxh6+ 43. Kg3 cxd4 44. Rc8+ Ke7 45. a4 g6 46. Ba3+ Nc5 47.
Qf6+ Kd7 48. Qd8+ Ke6 49. Qf6+ Kd7 50. Qd8+ Ke6 51. Qf6+ Kd7 1/2-1/2

[Event "PRO League Group Stage"]
[Site "chess.com INT"]
[Date "2020.01.30"]
[Round "4"]
[White "Van Wely, Loek"]
[Black "Cornette, Matthieu"]
[Result "1/2-1/2"]
[WhiteTitle "GM"]
[BlackTitle "GM"]
[WhiteElo "2609"]
[BlackElo "2555"]
[WhiteTeam "Netherlands Mosquitoes"]
[BlackTeam "France Roosters"]
[WhiteFideId "1000268"]
[BlackFideId "620084"]
[EventDate "2020.01.06"]

1. Nf3 Nf6 2. c4 b6 3. g3 Bb7 4. Bg2 g6 5. O-O Bg7 6. d4 O-O 7. d5 Na6 8. Nc3
Nc5 9. Nd4 a5 10. e4 e5 11. Ndb5 Ne8 12. Be3 c6 13. Na3 Nc7 14. Qe2 cxd5 15.
cxd5 Ba6 16. Nab5 a4 17. d6 Nxb5 18. Nxb5 Qc8 19. Rfd1 Qc6 20. Bf1 Qxe4 21. Bxc5
Qxe2 22. Bxe2 bxc5 23. Rac1 Rfc8 24. Rd5 Rab8 25. Rdxc5 Rxc5 26. Rxc5 e4 27. b3
axb3 28. axb3 Bf8 29. Bc4 Bxb5 30. Rxb5 Rxb5 31. Bxb5 Bxd6 32. Bxd7 1/2-1/2

[Event "PRO League Group Stage"]
[Site "chess.com INT"]
[Date "2020.01.30"]
[Round "4"]
[White "Hammer, Jon Ludvig"]
[Black "Valsecchi, Alessio"]
[Result "1/2-1/2"]
[WhiteTitle "GM"]
[BlackTitle "GM"]
[WhiteElo "2628"]
[BlackElo "2512"]
[WhiteTeam "Norway Gnomes"]
[BlackTeam "Italy Gladiators"]
[WhiteFideId "1503707"]
[BlackFideId "818860"]
[EventDate "2020.01.06"]

1. c4 c5 2. g3 Nc6 3. Bg2 g6 4. Nf3 Bg7 5. O-O d6 6. Nc3 e6 7. e3 Nge7 8. d4 O-O
9. Re1 b6 10. b3 Bb7 11. Bb2 Rb8 12. Qd2 cxd4 13. exd4 d5 14. cxd5 Nxd5 15. Nxd5
Qxd5 16. Ne5 Qxg2+ 17. Kxg2 Nxe5+ 18. Kh3 Nf3 19. Qe3 h6 20. g4 Bd5 21. Rac1 f5
22. Ba3 fxg4+ 23. Kxg4 Rf5 24. h4 Nxe1 25. Rxe1 h5+ 26. Kg3 Rf3+ 27. Qxf3 Bxf3
28. Kxf3 Kf7 29. d5 exd5 30. Re7+ Kf6 31. Rxa7 Bf8 32. Bxf8 Rxf8 33. Rb7 Ke5+
34. Ke3 d4+ 35. Ke2 Rf6 36. a4 Kd5 37. Rc7 Rf4 38. Rg7 Re4+ 39. Kd3 Rxh4 40.
Rxg6 Rh3+ 41. Kc2 Kc5 42. Rg5+ Kc6 43. b4 h4 44. Rg6+ Kd5 45. Rxb6 Rf3 46. Rh6
h3 47. b5 Rxf2+ 48. Kd3 Rf3+ 49. Kd2 Kc4 50. b6 Rb3 51. a5 h2 52. Kc1 Rc3+ 53.
Kb2 Rb3+ 54. Ka2 Rb5 55. Rxh2 Rxa5+ 56. Kb1 Ra8 57. b7 Rb8 58. Rb2 Kc3 59. Rb6
d3 60. Kc1 Kc4 61. Kd2 Kc5 62. Rb3 Kc6 63. Kxd3 Rxb7 64. Rxb7 Kxb7 1/2-1/2

[Event "PRO League Group Stage"]
[Site "chess.com INT"]
[Date "2020.01.30"]
[Round "4"]
[White "Christiansen, Johan-Sebastian"]
[Black "Sonis, Francesco"]
[Result "1-0"]
[WhiteTitle "GM"]
[BlackTitle "IM"]
[WhiteElo "2600"]
[BlackElo "2458"]
[WhiteTeam "Norway Gnomes"]
[BlackTeam "Italy Gladiators"]
[WhiteFideId "1512668"]
[BlackFideId "895733"]
[EventDate "2020.01.06"]

1. c4 Nf6 2. Nc3 e5 3. g3 d5 4. cxd5 Nxd5 5. Bg2 Nb6 6. Nf3 Nc6 7. Rb1 a5 8. a3
a4 9. d3 Be6 10. O-O Be7 11. Be3 O-O 12. Bxb6 cxb6 13. Nxa4 e4 14. Ne1 Nd4 15.
Nc3 f5 16. dxe4 Bc4 17. Nc2 Nxe2+ 18. Nxe2 Qxd1 19. Rfxd1 Bxe2 20. Rd7 Bc5 21.
b4 Bb5 22. Rxb7 Ba6 23. Rd7 Bb5 24. Rd5 Ba4 25. bxc5 Bxc2 26. Rb2 Bxe4 27. Bxe4
fxe4 28. cxb6 e3 29. fxe3 Rxa3 30. b7 Rb8 31. Rc5 Ra1+ 32. Kg2 Kf7 33. Rc8 1-0

[Event "PRO League Group Stage"]
[Site "chess.com INT"]
[Date "2020.01.30"]
[Round "4"]
[White "Moiseenko, Alexander"]
[Black "Erigaisi, Arjun"]
[Result "1/2-1/2"]
[WhiteTitle "GM"]
[BlackTitle "GM"]
[WhiteElo "2620"]
[BlackElo "2575"]
[WhiteTeam "Italy Gladiators"]
[BlackTeam "Norway Gnomes"]
[WhiteFideId "14102560"]
[BlackFideId "35009192"]
[EventDate "2020.01.06"]

1. d4 d5 2. c4 c6 3. Nc3 Nf6 4. Nf3 e6 5. Bg5 dxc4 6. a4 Bb4 7. e4 Qa5 8. Bd2 c5
9. Bxc4 cxd4 10. Nxd4 O-O 11. Nc2 Rd8 12. Nxb4 Qxb4 13. b3 Qd6 14. f4 e5 15. Nd5
Nc6 16. Nxf6+ Qxf6 17. O-O exf4 18. Bd5 Qd4+ 19. Kh1 Be6 20. Bxe6 fxe6 21. Bxf4
Qxe4 22. Qh5 Rd5 23. Bg5 Qg6 24. Qxg6 hxg6 25. Bh4 Nd4 26. Rac1 Nxb3 27. Rc7 Rf8
28. Rxf8+ Kxf8 29. h3 Na5 30. Be7+ Kg8 31. Bb4 e5 32. Kh2 a6 33. Bc3 b6 34. Ra7
Rc5 35. Be1 Nc4 36. Rxa6 e4 37. Ra7 Ne3 38. Bf2 Nf1+ 39. Kg1 e3 40. Kxf1 Rf5 41.
Ke2 exf2 42. Kf1 Kh7 43. Ra6 Rf6 44. a5 bxa5 45. Rxa5 Kh6 46. Ra2 1/2-1/2

[Event "PRO League Group Stage"]
[Site "chess.com INT"]
[Date "2020.01.30"]
[Round "4"]
[White "Moroni, Luca Jr"]
[Black "Niemann, Hans Moke"]
[Result "1/2-1/2"]
[WhiteTitle "GM"]
[BlackTitle "IM"]
[WhiteElo "2532"]
[BlackElo "2465"]
[WhiteTeam "Italy Gladiators"]
[BlackTeam "Norway Gnomes"]
[WhiteFideId "865834"]
[BlackFideId "2093596"]
[EventDate "2020.01.06"]

1. d4 Nf6 2. c4 g6 3. g3 Bg7 4. Bg2 O-O 5. Nc3 c5 6. Nf3 d6 7. O-O Nc6 8. d5 Na5
9. Qd3 e5 10. e4 a6 11. Bd2 Bd7 12. Rab1 b5 13. cxb5 axb5 14. b4 c4 15. Qc2 Nb7
16. Ra1 Ne8 17. a4 bxa4 18. Nxa4 f5 19. Ng5 Nc7 20. Nb6 Rxa1 21. Rxa1 Bb5 22.
Nxc4 f4 23. Ne6 Nxe6 24. dxe6 Qe7 25. Nb6 Qxe6 26. Nd5 Qf7 27. Qc7 Nd8 28. Qxf7+
Nxf7 29. Ra5 Bc4 30. gxf4 exf4 31. Bxf4 Ne5 32. Be3 Rb8 33. Nb6 Be2 34. Ra2 Bd3
35. Ra8 Rxa8 36. Nxa8 Nc6 37. Bd2 Bb2 38. Nc7 Nd4 39. Be3 Kf7 40. Nd5 Bc4 41. h3
Ke6 42. Kh2 Bxd5 43. exd5+ Ke5 44. Bd2 Nb3 45. Bh6 Ba3 46. b5 Bc5 47. Kg3 Nd4
48. Bg7+ Kf5 49. Bf1 Ke4 50. Bg2+ Kf5 51. Bf1 Ke4 52. Bg2+ Kf5 1/2-1/2

[Event "PRO League Group Stage"]
[Site "chess.com INT"]
[Date "2020.01.30"]
[Round "4"]
[White "Diaz Camallonga, Carles"]
[Black "Klekowski, Maciej"]
[Result "1-0"]
[WhiteTitle "IM"]
[BlackTitle "IM"]
[WhiteElo "2474"]
[BlackElo "2515"]
[WhiteTeam "Spain Raptors"]
[BlackTeam "Poland Hussars"]
[WhiteFideId "22235256"]
[BlackFideId "1132717"]
[EventDate "2020.01.06"]

1. e4 c5 2. Nf3 Nc6 3. d4 cxd4 4. Nxd4 Nf6 5. Nc3 d6 6. g3 e6 7. Bg2 Bd7 8. O-O
a6 9. a4 Be7 10. Nce2 Rc8 11. b3 O-O 12. c4 Nxd4 13. Nxd4 Qc7 14. Be3 Bc6 15.
Qd3 Rfd8 16. Rac1 Qa5 17. h3 Nd7 18. Bd2 Qc7 19. Rfd1 a5 20. Bc3 Nc5 21. Qc2 Bf8
22. Re1 Qb6 23. Rb1 Na6 24. Qd2 Nb4 25. Bxb4 Qxb4 26. Qxb4 axb4 27. Red1 b6 28.
Rd2 g6 29. Rbd1 Be8 30. Nc2 Be7 31. Kf1 Kf8 32. Ke2 f5 33. Nd4 Kf7 34. exf5 gxf5
35. Kf1 Bf6 36. Nc2 Ke7 37. Re2 Bc3 38. Bd5 Bf7 39. f4 Kf6 40. Bf3 d5 41. Ne3 d4
42. Ng2 d3 43. Re3 d2 44. g4 Rd4 45. g5+ Kg7 46. Be2 Rcd8 47. Kf2 h6 48. h4 R4d6
49. Kg3 Rd4 50. Kf2 R8d6 51. Kg3 Be8 52. Bf3 Bd7 53. Be2 Bc6 54. Bf3 Be8 55. Be2
Bf7 56. Kf2 Rd7 57. Kg3 R4d6 58. Kf3 Rd8 59. Kg3 Be8 60. Kf3 Bc6+ 61. Kg3 Be4
62. Rxe4 fxe4 63. Ne3 Kg6 64. h5+ Kg7 65. Ng4 Rf8 66. Nxh6 e5 67. f5 Rxh6 68.
gxh6+ Kxh6 69. Kg4 Rg8+ 70. Kh3 e3 71. Rf1 e4 72. f6 1-0

[Event "PRO League Group Stage"]
[Site "chess.com INT"]
[Date "2020.01.30"]
[Round "4"]
[White "Wojtaszek, Radoslaw"]
[Black "Martinez Reyes, Pedro Ramon"]
[Result "1/2-1/2"]
[WhiteTitle "GM"]
[BlackTitle "FM"]
[WhiteElo "2725"]
[BlackElo "2407"]
[WhiteTeam "Poland Hussars"]
[BlackTeam "Spain Raptors"]
[WhiteFideId "1118358"]
[BlackFideId "3901807"]
[EventDate "2020.01.06"]

1. c4 Nc6 2. Nc3 Nf6 3. d4 d5 4. Nf3 dxc4 5. e4 Bg4 6. Be3 e6 7. Bxc4 Bb4 8. Qd3
Bxf3 9. gxf3 Qe7 10. a3 Ba5 11. Bb5 Rd8 12. Qc4 O-O 13. Bxc6 bxc6 14. Qxc6 Rb8
15. b4 Bb6 16. O-O Nh5 17. e5 Rbd8 18. Qe4 f5 19. exf6 Qxf6 20. Ne2 Rd5 21. f4
Kh8 22. Kh1 g6 23. Rac1 Ng7 24. Rc6 Rd6 25. a4 Rxc6 26. Qxc6 Nf5 27. Rd1 a5 28.
bxa5 Bxa5 29. Qb5 Qh4 30. Qxa5 Qh5 31. Qe5+ Kg8 32. Re1 Qf3+ 33. Kg1 Nh4 34. Qg5
Qh3 35. Qg3 Nf3+ 36. Kh1 Qxg3 37. hxg3 Nxe1 38. Bd2 Nd3 39. Kg2 Nb2 40. a5 Nc4
41. Bb4 Ra8 42. Nc3 Nxa5 43. Nb5 Rb8 44. Bxa5 Rxb5 45. Bxc7 Rb3 46. g4 h5 47. f3
Kf7 48. Kg3 hxg4 49. Kxg4 Rd3 50. Be5 Rd1 51. Kg3 Rg1+ 52. Kf2 Rb1 53. Ke3 Ke7
54. Ke4 Re1+ 55. Kd3 Kd7 56. Kd2 Rh1 57. Ke3 Kc6 58. Bg7 Kd5 59. Bf6 Rh2 60. Bg7
Ra2 61. Bf6 Ra3+ 62. Kf2 Rd3 63. Bg7 Rd2+ 64. Ke3 Rg2 65. Bf6 Kc4 66. Bg7 Ra2
67. Bf6 Rb2 68. Bg7 Rb3+ 69. Ke2 Rd3 70. Bf6 Ra3 71. Bg7 Ra7 72. Bf6 Rh7 73. Ke3
Rh1 74. Bg7 Kd5 75. Bf6 Rh7 76. Be5 Rh1 77. Bf6 1/2-1/2

[Event "PRO League Group Stage"]
[Site "chess.com INT"]
[Date "2020.01.30"]
[Round "4"]
[White "Bartel, Mateusz"]
[Black "Herrera Reyes, Jose Antonio"]
[Result "1/2-1/2"]
[WhiteTitle "GM"]
[BlackTitle "FM"]
[WhiteElo "2639"]
[BlackElo "2304"]
[WhiteTeam "Poland Hussars"]
[BlackTeam "Spain Raptors"]
[WhiteFideId "1112635"]
[BlackFideId "2274914"]
[EventDate "2020.01.06"]

1. e4 c5 2. Nf3 e6 3. b3 b6 4. Bd3 Bb7 5. O-O d6 6. Bb2 Nd7 7. Re1 Qc7 8. c3
Ngf6 9. Bc2 Rc8 10. Na3 a6 11. d4 Be7 12. Bd3 b5 13. c4 b4 14. Nc2 cxd4 15.
Nfxd4 O-O 16. Qd2 a5 17. a3 Nc5 18. axb4 axb4 19. Nxb4 Nfxe4 20. Bxe4 Nxe4 21.
Rxe4 Bxe4 22. Nb5 Qc5 23. Bd4 Qf5 24. f3 Bc6 25. Nxc6 Rxc6 26. Be3 d5 27. Nd4
Qf6 28. Nxc6 Qxa1+ 29. Kf2 Bf6 30. cxd5 exd5 31. Qxd5 Qa2+ 32. Kg3 Qe2 33. Qe4
Qb5 34. b4 h5 35. Bc5 Rc8 36. Ne7+ Bxe7 37. Qxe7 Qb8+ 38. Bd6 Qb5 39. Bc5 Re8
40. Qg5 Qb8+ 41. f4 Qb5 42. Qxh5 Qd3+ 43. Qf3 Qg6+ 44. Qg4 Qd3+ 45. Qf3 Qc2 46.
h3 Rd8 47. Kh2 g6 48. Qe3 Qf5 49. Bd4 Qd5 50. Bc3 Rc8 51. Bd4 Kh7 52. Qf2 Rc4
53. Be5 g5 54. Qg3 Qd8 55. fxg5 Rxb4 56. Bf6 Qd5 57. Bc3 Rc4 58. Bf6 Kg6 59. Qb8
Kf5 60. Qg3 Rc2 61. Qg4+ Kg6 62. h4 Qd6+ 63. Kh3 Qd3+ 64. Kh2 Qd6+ 65. Kh3 Qd3+
66. Kh2 Rc4 67. h5+ Kh7 68. Qg3 Qf5 69. Qb8 Rh4+ 70. Kg3 Rg4+ 71. Kh2 Rh4+ 72.
Kg3 Qg4+ 73. Kf2 Qf4+ 74. Qxf4 Rxf4+ 75. Kg3 Rc4 76. Kh3 Re4 77. g3 Rc4 78. Kg2
Re4 79. Kf3 Rc4 80. Be5 Rc5 81. Kf4 Rc4+ 82. Kf5 Rc6 83. Bf6 Rc5+ 84. Be5 Rc6
85. Bd4 Rd6 86. Bf6 Rd3 87. Be5 Rf3+ 88. Bf4 Rd3 89. Kf6 Rd7 90. Be3 Kg8 91. Bf4
Rb7 92. g6 Rb6+ 93. Kf5 fxg6+ 94. hxg6 Rb5+ 95. Be5 Rb1 96. g4 1/2-1/2

[Event "PRO League Group Stage"]
[Site "chess.com INT"]
[Date "2020.01.30"]
[Round "4"]
[White "Forcen Esteban, Daniel"]
[Black "Gajewski, Grzegorz"]
[Result "1/2-1/2"]
[WhiteTitle "GM"]
[BlackTitle "GM"]
[WhiteElo "2548"]
[BlackElo "2614"]
[WhiteTeam "Spain Raptors"]
[BlackTeam "Poland Hussars"]
[WhiteFideId "2288230"]
[BlackFideId "1116207"]
[EventDate "2020.01.06"]

1. c4 e5 2. Nc3 Bb4 3. Nf3 Bxc3 4. dxc3 e4 5. Nd4 Nf6 6. g3 O-O 7. Bg2 h6 8. O-O
d6 9. h3 Nbd7 10. g4 Ne5 11. b3 Re8 12. Bf4 a6 13. Qc2 Ng6 14. Bg3 Qe7 15. Rad1
h5 16. Nf5 Qd8 17. c5 d5 18. c4 hxg4 19. hxg4 Nxg4 20. Rxd5 Qg5 21. Nd6 Re5 22.
Nxe4 Qe7 23. Bxe5 N6xe5 24. Qd2 Be6 25. Qg5 f6 26. Qh5 g6 27. Qh4 g5 28. Qg3
Bxd5 29. cxd5 f5 30. d6 Qg7 31. Nxg5 Qxg5 32. f4 Qg7 33. fxe5 Rf8 34. Bd5+ Kh7
35. Be6 Qg6 36. Bc4 Nxe5 37. Qxg6+ Kxg6 38. Rd1 Rd8 39. Kf2 cxd6 40. cxd6 Kf6
41. Rd4 Nc6 42. Rd5 Nb4 43. Rd2 b5 44. a3 Nc6 45. Bd5 Rxd6 46. Rc2 Nd4 47. Rc5
f4 48. e3 fxe3+ 49. Kxe3 Nf5+ 50. Ke4 Ne7 51. Bb7 Rb6 52. Bd5 Rd6 53. Ba8 Ke6
54. Rc7 Nf5 55. Bb7 Ne7 56. b4 Rb6 57. Bc8+ Nxc8 58. Rxc8 Kd7 59. Ra8 Rd6 60.
Ke5 Rc6 61. Kd5 Rh6 62. Ra7+ Kc8 63. Kc5 Kb8 64. Rg7 Rf6 65. Rd7 Kc8 66. Rd6
Rf5+ 67. Kb6 Rf3 68. Rc6+ Kd7 69. Rc7+ Kd8 70. Ra7 Rxa3 71. Rxa6 Rxa6+ 72. Kxa6
Kc7 73. Kxb5 Kb7 74. Kc5 Kc7 75. b5 Kb7 76. b6 Kb8 77. Kb5 Kb7 78. Kc5 Kb8 79.
Kc6 Kc8 80. b7+ Kb8 81. Kb6 1/2-1/2

[Event "PRO League Group Stage"]
[Site "chess.com INT"]
[Date "2020.01.30"]
[Round "4"]
[White "Van Wely, Loek"]
[Black "Edouard, Romain"]
[Result "1-0"]
[WhiteTitle "GM"]
[BlackTitle "GM"]
[WhiteElo "2609"]
[BlackElo "2640"]
[WhiteTeam "Netherlands Mosquitoes"]
[BlackTeam "France Roosters"]
[WhiteFideId "1000268"]
[BlackFideId "633429"]
[EventDate "2020.01.06"]

1. c4 e5 2. Nc3 Nf6 3. g3 d5 4. cxd5 Nxd5 5. Bg2 Nxc3 6. bxc3 Bc5 7. Nf3 Nc6 8.
O-O O-O 9. d3 Re8 10. Rb1 Bb6 11. Qc2 Bg4 12. h3 Bh5 13. a4 f5 14. e4 fxe4 15.
dxe4 Qf6 16. Nh4 Rad8 17. Nf5 Bf7 18. Be3 Na5 19. Rfd1 Nc4 20. Bxb6 Na3 21. Rxd8
Qxd8 22. Qc1 Nxb1 23. Bxa7 Nd2 24. Be3 Nb3 25. Qa3 b6 26. Qb4 Na5 27. Bf1 Qd1
28. Kg2 Qc2 29. g4 c5 30. Qxb6 Qxe4+ 31. Kg3 Nc4 32. Bxc4 Qxc4 33. Nd6 Qe6 34.
Bxc5 Ra8 35. a5 e4 36. Bd4 h5 37. Nf5 hxg4 38. hxg4 Qxb6 39. axb6 Rb8 40. Nxg7
Bd5 41. Nh5 Bb7 42. g5 Kf7 43. Nf4 Rg8 44. g6+ Ke7 45. Kg4 Ra8 46. Kg5 Ra1 47.
Bc5+ Ke8 48. Kf6 Rg1 49. g7 Kd7 50. Ne6 Bd5 51. Ng5 Kc6 52. Be3 Rc1 53. Nxe4 Rg1
54. Ng5 Bc4 55. f4 Rg3 56. Bd4 Bg8 57. f5 Rg4 58. Ne6 Rg3 59. Ke7 Rf3 60. f6 Rf1
61. Nd8+ Kd5 62. f7 1-0